[Event "FIDE WCC Blitz Women 2019"]
[Site "Moscow"]
[Date "2019.12.30"]
[Round "13.6"]
[White "Dzagnidze, Nana"]
[Black "Lei, Tingjie"]
[Result "0-1"]
[WhiteElo "2432"]
[BlackElo "2543"]
[Annotator "ChessBase"]
[PlyCount "126"]
[EventDate "2019.12.29"]
[EventType "swiss"]
[EventCountry "RUS"]
[SourceTitle "playchess.com"]
[Source "ChessBase"]
[SourceQuality "1"]

1. c4 e6 2. Nf3 d5 3. e3 Nf6 4. b3 b6 5. Bb2 Bb7 6. Nc3 Nbd7 7. d4 Bd6 8. Bd3 O-O 9. O-O a6 10. cxd5 exd5 11. Ne2 Qe7 12. Ng3 g6 13. Rc1 Rfe8 14. Qc2 Rac8 15. Rfe1 Ne4 16. Qe2 Ra8 17. Bxe4 dxe4 18. Nd2 h5 19. Nc4 h4 20. Nf1 Nf6 21. h3 Bd5 22. Nxd6 cxd6 23. Rc2 Reb8 24. Rec1 Ne8 25. Ba3 Qd7 26. Nd2 a5 27. f3 exf3 28. Nxf3 Be4 29. Rd2 a4 30. b4 Rc8 31. Rdd1 Bxf3 32. Qxf3 d5 33. Qf4 Nd6 34. b5 Nc4 35. Bb4 Re8 36. Re1 Re4 37. Qf6 Rae8 38. a3 Qe6 39. Qg5 Rxe3 40. Qxh4 Kg7 41. Qf2 Qe4 42. Rcd1 Re2 43. Rxe2 Qxe2 44. Re1 Qxf2+ 45. Kxf2 Rxe1 46. Kxe1 Ne3 47. Kd2 Nc4+ 48. Ke2 Kf6 49. Kf3 Ke6 50. h4 Nb2 51. g4 Nc4 52. h5 gxh5 53. gxh5 Kf5 54. h6 Kg6 55. Bf8 f6 56. Kf4 Nd2 57. Bb4 Ne4 58. Bf8 Nc3 59. Bc5 Nxb5 60. Bxb6 Nxa3 61. Bd8 Nc2 62. h7 Kxh7 63. Bxf6 a3 0-1

[Event "FIDE WCC Blitz Women 2019"]
[Site "Moscow"]
[Date "2019.12.30"]
[Round "13.7"]
[White "Stefanova, Antoaneta"]
[Black "Sargsyan, Anna"]
[Result "1-0"]
[WhiteElo "2452"]
[BlackElo "1708"]
[Annotator "ChessBase"]
[PlyCount "71"]
[EventDate "2019.12.29"]
[EventType "swiss"]
[EventCountry "RUS"]
[SourceTitle "playchess.com"]
[Source "ChessBase"]
[SourceQuality "1"]

1. Nf3 d5 2. g3 Bg4 3. Bg2 Nd7 4. O-O e6 5. d3 c6 6. h3 Bh5 7. Nbd2 Bd6 8. e4 Ne7 9. Qe1 O-O 10. Kh1 Bc7 11. b3 a5 12. a4 b5 13. axb5 cxb5 14. exd5 Nxd5 15. Nd4 b4 16. Bb2 N7f6 17. Nc4 Qd7 18. f4 Bg6 19. Ne5 Qd6 20. Nb5 Qb6 21. Nxc7 Qxc7 22. Qf2 Rac8 23. Nc4 Ra8 24. Be5 Qd8 25. g4 Nd7 26. Bd6 Re8 27. f5 exf5 28. Bxd5 Nf6 29. Bxa8 Qxa8+ 30. Qg2 Qc8 31. g5 Nh5 32. Rxa5 f4 33. Bxf4 Bf5 34. Nd6 Nxf4 35. Rxf4 Re1+ 36. Kh2 1-0

[Event "FIDE WCC Blitz Women 2019"]
[Site "Moscow"]
[Date "2019.12.30"]
[Round "13.9"]
[White "Saduakassova, Dinara"]
[Black "Kashlinskaya, Alina"]
[Result "1-0"]
[WhiteElo "2390"]
[BlackElo "2282"]
[Annotator "NA"]
[PlyCount "97"]
[EventDate "2019.12.29"]
[EventType "swiss"]
[EventCountry "RUS"]
[SourceTitle "playchess.com"]
[Source "ChessBase"]
[SourceQuality "1"]

1. d4 Nf6 2. c4 e6 3. g3 d5 4. Nf3 Bb4+ 5. Bd2 Bd6 6. Bg2 O-O 7. O-O c6 8. Nc3 Nbd7 9. b3 dxc4 10. bxc4 e5 11. e3 Qe7 12. Qc2 Re8 13. Ng5 Nf8 14. Nge4 Nxe4 15. Nxe4 Bc7 16. Qb2 f5 17. Bb4 Qf7 18. Nd6 Bxd6 19. Bxd6 e4 20. Be5 Be6 21. c5 Ng6 22. Bd6 Rad8 23. Rab1 Rd7 24. a4 Bd5 25. Qc3 a6 26. Rb6 h5 27. h4 Qf6 28. Rfb1 f4 29. exf4 e3 30. Bxd5+ cxd5 31. fxe3 Qf5 32. Rxb7 Qh3 33. Qe1 Nxh4 34. gxh4 Re6 35. f5 Qxf5 36. Bf4 Qg4+ 37. Qg3 Qf5 38. Rb8+ Kh7 39. R1b6 Rde7 40. Rxe6 Rxe6 41. Rb6 Rxb6 42. cxb6 Qb1+ 43. Kh2 Qxb6 44. Be5 Qb2+ 45. Kh3 Qb7 46. Qg5 Qd7+ 47. Kg3 g6 48. Qf6 Qg4+ 49. Kf2 1-0

[Event "FIDE WCC Blitz Women 2019"]
[Site "Moscow"]
[Date "2019.12.30"]
[Round "13.10"]
[White "Heinemann, Josefine"]
[Black "Munguntuul, Batkhuyag"]
[Result "0-1"]
[WhiteElo "2325"]
[BlackElo "2282"]
[Annotator "NA"]
[PlyCount "56"]
[EventDate "2019.12.29"]
[EventType "swiss"]
[EventCountry "RUS"]
[SourceTitle "playchess.com"]
[Source "ChessBase"]
[SourceQuality "1"]

1. e4 c5 2. Nf3 e6 3. d4 cxd4 4. Nxd4 Nc6 5. Nc3 Qc7 6. Be3 a6 7. Qf3 Nf6 8. O-O-O Ne5 9. Qg3 b5 10. f4 Neg4 11. Bg1 h5 12. Bd3 Bb7 13. h3 b4 14. Ncb5 axb5 15. Nxb5 Qc6 16. hxg4 Rxa2 17. Kb1 Ra5 18. Nd4 Qa4 19. Nb3 Nxe4 20. Bxe4 Bxe4 21. f5 Ra8 22. Qe3 d5 23. Qb6 Be7 24. Be3 O-O 25. Rxh5 Qxb3 26. Qc6 Bxc2+ 27. Qxc2 Ra1+ 28. Kxa1 Qxc2 0-1

[Event "FIDE WCC Blitz Women 2019"]
[Site "Moscow"]
[Date "2019.12.30"]
[Round "13.11"]
[White "Bulmaga, Irina"]
[Black "Zhukova, Natalia"]
[Result "0-1"]
[WhiteElo "2308"]
[BlackElo "2239"]
[Annotator "NA RC"]
[PlyCount "98"]
[EventDate "2019.12.29"]
[EventType "swiss"]
[EventCountry "RUS"]
[SourceTitle "playchess.com"]
[Source "ChessBase"]
[SourceQuality "1"]

1. e4 e5 2. d4 exd4 3. Nf3 Nc6 4. Nxd4 Nf6 5. Nxc6 bxc6 6. Bd3 d5 7. exd5 cxd5 8. O-O Be7 9. c4 O-O 10. cxd5 Nxd5 11. Qc2 h6 12. Be4 Be6 13. Rd1 c6 14. Nc3 Qa5 15. Qe2 Nxc3 16. bxc3 Rab8 17. Bf4 Rbd8 18. Qf3 Bf6 19. h3 Qxc3 20. Qxc3 Bxc3 21. Rxd8 Rxd8 22. Rc1 Bf6 23. Rxc6 Rd4 24. f3 Bxa2 25. Ra6 Be6 26. Rxa7 Rd8 27. Rb7 g5 28. Bg3 Kg7 29. h4 gxh4 30. Bf4 h3 31. gxh3 Bxh3 32. Kh2 Be6 33. Kg3 Rc8 34. Rc7 Rd8 35. Ra7 h5 36. Rb7 h4+ 37. Kh2 Rd1 38. Rb1 Rd7 39. Rg1+ Kf8 40. Bh6+ Ke7 41. Bg5 Ra7 42. Bxf6+ Kxf6 43. Rg2 Ra3 44. Bc6 Ke5 45. Be4 Kf4 46. Rd2 Re3 47. Bc6 Rc3 48. Rd4+ Kg5 49. Rd2 Rxc6 0-1

[Event "FIDE WCC Blitz Women 2019"]
[Site "Moscow"]
[Date "2019.12.30"]
[Round "13.12"]
[White "Charochkina, Daria"]
[Black "Mammadova, Gulnar"]
[Result "1-0"]
[WhiteElo "2212"]
[BlackElo "2293"]
[Annotator "NA"]
[PlyCount "61"]
[EventDate "2019.12.29"]
[EventType "swiss"]
[EventCountry "RUS"]
[SourceTitle "playchess.com"]
[Source "ChessBase"]
[SourceQuality "1"]

1. d4 g6 2. e4 Bg7 3. Nc3 d6 4. Be3 c6 5. Qd2 Nd7 6. O-O-O b5 7. Kb1 Bb7 8. h4 h5 9. Nh3 a5 10. Ng5 a4 11. Bd3 e6 12. f4 b4 13. Ne2 d5 14. f5 gxf5 15. exf5 e5 16. dxe5 Bxe5 17. Bd4 c5 18. Bxe5 Nxe5 19. Nf4 Qc7 20. Rde1 O-O-O 21. Rxe5 Qxe5 22. Nxf7 Qf6 23. Nxh8 Qxh8 24. Ne6 a3 25. c3 bxc3 26. bxc3 Rd6 27. Ka1 Ne7 28. Rb1 d4 29. c4 Bc6 30. Qa5 Qe5 31. Qc7# 1-0

[Event "FIDE WCC Blitz Women 2019"]
[Site "Moscow"]
[Date "2019.12.30"]
[Round "13.13"]
[White "Balaian, Alina"]
[Black "Khademalsharieh, Sarasadat"]
[Result "0-1"]
[WhiteElo "2173"]
[BlackElo "2463"]
[Annotator "ChessBase"]
[PlyCount "74"]
[EventDate "2019.12.29"]
[EventType "swiss"]
[EventCountry "RUS"]
[SourceTitle "playchess.com"]
[Source "ChessBase"]
[SourceQuality "1"]

1. e4 e5 2. f4 d5 3. exd5 exf4 4. Nf3 Nf6 5. Bc4 Bd6 6. O-O O-O 7. d4 Nbd7 8. Bb3 c6 9. dxc6 bxc6 10. c4 c5 11. d5 h6 12. Nc3 a6 13. Bc2 Re8 14. Qd3 Nf8 15. Bd2 Rb8 16. b3 Bg4 17. Nh4 Qc7 18. Nf5 Bxf5 19. Qxf5 Re5 20. Qd3 g5 21. Rae1 Rbe8 22. Rxe5 Bxe5 23. Ne2 Ng6 24. Bc3 Bxc3 25. Nxc3 Re3 26. d6 Qd7 27. Nd5 Nxd5 28. Qxd5 Ne5 29. Rd1 Kg7 30. Qd2 Nc6 31. Qd5 Nd4 32. Be4 Ne2+ 33. Kh1 Nc3 34. Qe5+ f6 35. Qe7+ Qxe7 36. dxe7 Nxd1 37. e8=N+ Kf8 0-1

[Event "FIDE WCC Blitz Women 2019"]
[Site "Moscow"]
[Date "2019.12.30"]
[Round "13.14"]
[White "Kovalevskaya, Ekaterina"]
[Black "Ushenina, Anna"]
[Result "0-1"]
[WhiteElo "2286"]
[BlackElo "2424"]
[Annotator "NA"]
[PlyCount "122"]
[EventDate "2019.12.29"]
[EventType "swiss"]
[EventCountry "RUS"]
[SourceTitle "playchess.com"]
[Source "ChessBase"]
[SourceQuality "1"]

1. e4 c5 2. Nf3 a6 3. c4 Nc6 4. d4 cxd4 5. Nxd4 e5 6. Nc2 Bc5 7. Be2 d6 8. O-O Nge7 9. Nc3 O-O 10. Be3 Bxe3 11. Nxe3 Be6 12. Rc1 Nd4 13. Bg4 Rc8 14. Ne2 Bxg4 15. Nxg4 Nxe2+ 16. Qxe2 Nc6 17. Ne3 Nd4 18. Qd3 Qa5 19. a3 b5 20. Nd5 bxc4 21. Rxc4 Rxc4 22. Qxc4 Rb8 23. Rc1 g6 24. Nb4 Qb5 25. Qxb5 Rxb5 26. Rc8+ Kg7 27. Kf1 a5 28. Nd3 Rb3 29. Rc3 Rxc3 30. bxc3 Nb5 31. a4 Nxc3 32. Nb2 Nxe4 33. Nc4 Nc5 34. Nxd6 Nxa4 35. Nc4 Kf6 36. Nxa5 Kf5 37. Nc4 Nc5 38. g3 f6 39. Ke2 Kg4 40. Ne3+ Kh3 41. Nd5 Nd7 42. Kf3 Kxh2 43. Ne7 Kg1 44. Nd5 f5 45. Ne3 e4+ 46. Ke2 Ne5 47. Nd5 Ng4 48. f3 exf3+ 49. Kxf3 Kh2 50. Ne7 Nf6 51. Kf4 Kh3 52. Kg5 Ne4+ 53. Kh6 Nxg3 54. Kxh7 g5 55. Kg6 Kg4 56. Nd5 f4 57. Nf6+ Kh4 58. Nd5 f3 59. Ne3 f2 60. Ng2+ Kg4 61. Ne3+ Kf3 0-1

[Event "FIDE WCC Blitz Women 2019"]
[Site "Moscow"]
[Date "2019.12.30"]
[Round "13.15"]
[White "Gaponenko, Inna"]
[Black "Socko, Monika"]
[Result "0-1"]
[WhiteElo "2415"]
[BlackElo "2286"]
[Annotator "TA"]
[PlyCount "72"]
[EventDate "2019.12.29"]
[EventType "swiss"]
[EventCountry "RUS"]
[SourceTitle "playchess.com"]
[Source "ChessBase"]
[SourceQuality "1"]

1. e4 c6 2. d4 d5 3. e5 c5 4. dxc5 e6 5. Nf3 Bxc5 6. Bd3 Ne7 7. O-O Ng6 8. a3 O-O 9. Ng5 Qc7 10. Qh5 h6 11. Nxf7 Qxf7 12. Bxg6 Qxf2+ 13. Rxf2 Rxf2 14. b4 Bb6 15. c4 Rf5+ 16. c5 Rxh5 17. Bxh5 Bc7 18. Bb2 Nc6 19. Nd2 Bxe5 20. Bxe5 Nxe5 21. Re1 Nc6 22. Nf3 Bd7 23. Kf2 Rf8 24. b5 Nd4 25. a4 Kh7 26. Kg3 Nxf3 27. Bxf3 Kg6 28. Bg4 Kf6 29. Bf3 Rc8 30. Rc1 Be8 31. Bg4 Bf7 32. Kf4 e5+ 33. Ke3 Rd8 34. c6 bxc6 35. bxc6 Be6 36. Bf3 Ke7 0-1

[Event "FIDE WCC Blitz Women 2019"]
[Site "Moscow"]
[Date "2019.12.30"]
[Round "13.16"]
[White "Gunina, Valentina"]
[Black "Batsiashvili, Nino"]
[Result "1-0"]
[WhiteElo "2366"]
[BlackElo "2259"]
[Annotator "NA"]
[PlyCount "115"]
[EventDate "2019.12.29"]
[EventType "swiss"]
[EventCountry "RUS"]
[SourceTitle "playchess.com"]
[Source "ChessBase"]
[SourceQuality "1"]

1. d4 Nf6 2. c4 e6 3. Nf3 d5 4. Nc3 a6 5. cxd5 exd5 6. Bg5 Be6 7. e3 Nbd7 8. Bd3 h6 9. Bh4 Bd6 10. O-O c6 11. Qc2 O-O 12. Rae1 Qc7 13. Bg3 Rad8 14. Ne2 Rfe8 15. Nf4 Bg4 16. Nd2 Nf8 17. a3 Qb8 18. Kh1 Ne6 19. Ne2 Bxe2 20. Rxe2 Bxg3 21. hxg3 Ng5 22. Nf3 Nfe4 23. Kg1 Qc8 24. Ne5 f6 25. Ng6 Qc7 26. Nf4 Qf7 27. Kh2 h5 28. f3 Nd6 29. Bg6 Qd7 30. Bxe8 Rxe8 31. Qg6 Nf5 32. Nxh5 Nh7 33. Qg4 Qe6 34. e4 Ng5 35. Nf4 Nh6 36. Qxe6+ Nxe6 37. exd5 cxd5 38. Rxe6 Rc8 39. Rfe1 Rc2 40. R1e2 Rc1 41. Nxd5 Rd1 42. Re8+ Kh7 43. R8e7 Kg6 44. Nf4+ Kh7 45. g4 Ng8 46. Rxb7 Rxd4 47. Rxg7+ Kh8 48. Ne6 Rd6 49. Rf7 Nh6 50. Rxf6 Kh7 51. g5 Ng8 52. Nf8+ Kg7 53. Rxd6 Kxf8 54. Rxa6 Kf7 55. Ra8 Kg7 56. Ree8 Nh6 57. gxh6+ Kxh6 58. Re6+ 1-0

[Event "FIDE WCC Blitz Women 2019"]
[Site "Moscow"]
[Date "2019.12.30"]
[Round "13.17"]
[White "Muzychuk, Mariya"]
[Black "Fataliyeva, Ulviyya"]
[Result "0-1"]
[WhiteElo "2344"]
[BlackElo "2108"]
[Annotator "NA"]
[PlyCount "100"]
[EventDate "2019.12.29"]
[EventType "swiss"]
[EventCountry "RUS"]
[SourceTitle "playchess.com"]
[Source "ChessBase"]
[SourceQuality "1"]

1. e4 e6 2. d4 d5 3. Nc3 Nf6 4. Bg5 Be7 5. e5 Nfd7 6. h4 h6 7. Bxe7 Qxe7 8. Qd2 a6 9. f4 c5 10. Nf3 Nc6 11. O-O-O b5 12. g4 b4 13. Na4 c4 14. f5 a5 15. Bh3 Ba6 16. g5 Bb5 17. fxe6 fxe6 18. Nc5 Nxc5 19. dxc5 c3 20. Qe3 cxb2+ 21. Kxb2 a4 22. gxh6 Rxh6 23. Ng5 Na5 24. Qd4 Nc4+ 25. Ka1 b3 26. Nxe6 bxc2 27. Rdf1 Rxe6 28. Qxd5 Rd8 29. Qxe6 Qxe6 30. Bxe6 Ne3 31. Rc1 Be2 32. Rhe1 Rd1 33. Kb2 a3+ 34. Kxa3 Rxe1 35. Rxe1 Nd1 36. Rxe2 c1=Q+ 37. Kb4 Qc3+ 38. Kb5 Qd3+ 39. Bc4 Nc3+ 40. Kb4 Qd4 41. Rc2 Ne4 42. c6 Kd8 43. e6 Qb6+ 44. Bb5 Qd4+ 45. Rc4 Qb2+ 46. Ka5 Kc7 47. e7 Qa3+ 48. Ra4 Qxe7 49. Rd4 Qa3+ 50. Ba4 Qc5+ 0-1

[Event "FIDE WCC Blitz Women 2019"]
[Site "Moscow"]
[Date "2019.12.30"]
[Round "13.18"]
[White "Girya, Olga"]
[Black "Khomeriki, Nino"]
[Result "1-0"]
[WhiteElo "2337"]
[BlackElo "2177"]
[Annotator "NA"]
[PlyCount "75"]
[EventDate "2019.12.29"]
[EventType "swiss"]
[EventCountry "RUS"]
[SourceTitle "playchess.com"]
[Source "ChessBase"]
[SourceQuality "1"]

1. d4 Nf6 2. c4 e6 3. Nf3 d5 4. Nc3 dxc4 5. e3 c5 6. Bxc4 a6 7. O-O b5 8. Be2 Nbd7 9. a4 b4 10. Nb1 Bb7 11. Nbd2 cxd4 12. Nxd4 Bc5 13. N2b3 Bd6 14. Nxe6 Bxh2+ 15. Kxh2 fxe6 16. Qd6 Qe7 17. Qxe7+ Kxe7 18. f3 Bd5 19. Na5 Rhc8 20. Bd2 Rc2 21. Bxb4+ Kf7 22. Bd3 Rxb2 23. Bc3 Rb6 24. e4 Bb3 25. Rab1 Rab8 26. Bd4 Rb4 27. Nc6 Rxd4 28. Nxd4 Bxa4 29. Rxb8 Nxb8 30. Rb1 Nbd7 31. Ra1 Bb5 32. Nxb5 axb5 33. Bxb5 Ne5 34. Ra7+ Kg6 35. Re7 Nf7 36. Rxe6 Ng5 37. Ra6 h5 38. e5 1-0

[Event "FIDE WCC Blitz Women 2019"]
[Site "Moscow"]
[Date "2019.12.30"]
[Round "13.19"]
[White "Guichard, Pauline"]
[Black "Dordzhieva, Dinara"]
[Result "1-0"]
[WhiteElo "2335"]
[BlackElo "2222"]
[Annotator "NA"]
[PlyCount "157"]
[EventDate "2019.12.29"]
[EventType "swiss"]
[EventCountry "RUS"]
[SourceTitle "playchess.com"]
[Source "ChessBase"]
[SourceQuality "1"]

1. c4 Nf6 2. Nf3 e6 3. Nc3 d5 4. e3 dxc4 5. Bxc4 c5 6. O-O a6 7. a4 Nc6 8. Qe2 Be7 9. Rd1 O-O 10. d4 cxd4 11. Nxd4 Nxd4 12. exd4 Nd5 13. Nxd5 exd5 14. Bxd5 Qxd5 15. Qxe7 Bg4 16. f3 Bf5 17. Qe5 Rad8 18. Be3 Rfe8 19. Qxd5 Rxd5 20. Kf2 Rc8 21. Rdc1 Rdd8 22. Rc5 Be6 23. Rac1 f6 24. b4 Kf7 25. R1c3 h6 26. g4 Ke7 27. h4 Kf7 28. h5 Ke7 29. Kg3 Kf7 30. Kf4 Ke7 31. b5 axb5 32. axb5 b6 33. Rc7+ Rxc7 34. Rxc7+ Rd7 35. Rc3 Rd5 36. Rc7+ Rd7 37. Rc6 Rd6 38. Rxd6 Kxd6 39. Bd2 Bd7 40. Bb4+ Ke6 41. Ke4 Bxb5 42. d5+ Kf7 43. Bd6 Be2 44. Ke3 Bc4 45. Kd4 Be2 46. Ke4 b5 47. Bb4 Bc4 48. d6 Be6 49. Kd4 Bd7 50. Kc5 Be8 51. Kb6 Ke6 52. Kc7 Bd7 53. Bd2 Be8 54. Bc3 Bd7 55. f4 b4 56. Bxb4 Ba4 57. Bc3 f5 58. g5 hxg5 59. fxg5 f4 60. h6 gxh6 61. gxh6 f3 62. h7 f2 63. h8=Q f1=Q 64. Qe5+ Kf7 65. Qe7+ Kg6 66. Qg7+ Kh5 67. Qe5+ Kh6 68. Qh8+ Kg6 69. Qg7+ Kh5 70. Qe5+ Kh6 71. Qe3+ Kh5 72. Qe5+ Kh6 73. Bd2+ Kg6 74. Qe4+ Qf5 75. Qxa4 Qc5+ 76. Qc6 Qa7+ 77. Kd8 Qb8+ 78. Ke7 Qa7+ 79. d7+ 1-0

[Event "FIDE WCC Blitz Women 2019"]
[Site "Moscow"]
[Date "2019.12.30"]
[Round "13.20"]
[White "Nurgali, Nazerke"]
[Black "Shuvalova, Polina"]
[Result "0-1"]
[WhiteElo "2075"]
[BlackElo "2302"]
[Annotator "NA"]
[PlyCount "124"]
[EventDate "2019.12.29"]
[EventType "swiss"]
[EventCountry "RUS"]
[SourceTitle "playchess.com"]
[Source "ChessBase"]
[SourceQuality "1"]

1. d4 Nf6 2. c4 e6 3. Nf3 d5 4. Nc3 c5 5. cxd5 Nxd5 6. e4 Nxc3 7. bxc3 cxd4 8. cxd4 Bb4+ 9. Bd2 Bxd2+ 10. Qxd2 O-O 11. Be2 b6 12. O-O Bb7 13. Qe3 Nd7 14. Rfd1 Re8 15. Rac1 Nf6 16. Bd3 Rc8 17. Ne5 Qd6 18. Rxc8 Rxc8 19. h3 h6 20. Bb1 Qb4 21. a3 Qa4 22. Re1 Rd8 23. Nf3 Qa5 24. Rc1 b5 25. Kh2 Qb6 26. Rc5 a5 27. Ne5 b4 28. axb4 axb4 29. Ng4 Nxg4+ 30. hxg4 Qd6+ 31. g3 Qxd4 32. Qxd4 Rxd4 33. Rc7 Bxe4 34. Ba2 Bd5 35. Rd7 Rd2 36. Bb1 Rxf2+ 37. Kg1 Rg2+ 38. Kf1 g6 39. Rxd5 Rxg3 40. Rb5 Rxg4 41. Kf2 Kg7 42. Kf3 h5 43. Bd3 Rd4 44. Be2 Kf6 45. Ke3 Rh4 46. Bf3 g5 47. Be4 Rh3+ 48. Kd4 b3 49. Bd3 Rg3 50. Rxb3 h4 51. Rb1 h3 52. Be4 g4 53. Rf1+ Kg7 54. Ke5 f5 55. Bc6 Re3+ 56. Kf4 Rc3 57. Bb7 Kf6 58. Re1 e5+ 59. Rxe5 Rc4+ 60. Be4 Rxe4+ 61. Rxe4 fxe4 62. Kxg4 h2 0-1

[Event "FIDE WCC Blitz Women 2019"]
[Site "Moscow"]
[Date "2019.12.30"]
[Round "13.21"]
[White "Solozhenkina, Elizaveta"]
[Black "Buksa, Nataliya"]
[Result "0-1"]
[WhiteElo "2214"]
[BlackElo "2356"]
[Annotator "NA"]
[PlyCount "89"]
[EventDate "2019.12.29"]
[EventType "swiss"]
[EventCountry "RUS"]
[SourceTitle "playchess.com"]
[Source "ChessBase"]
[SourceQuality "1"]

1. Nf3 d5 2. g3 Nf6 3. Bg2 e6 4. O-O Be7 5. d3 O-O 6. Nbd2 Nc6 7. Re1 e5 8. c4 d4 9. Rb1 a5 10. b3 Bf5 11. a3 h6 12. b4 axb4 13. axb4 e4 14. Nh4 Bh7 15. b5 Ne5 16. dxe4 d3 17. exd3 Nxd3 18. Re3 Bc5 19. Rxd3 Qxd3 20. Rb3 Qd4 21. Qe1 Ra1 22. Nhf3 Qxf2+ 23. Qxf2 Rxc1+ 24. Bf1 Bxf2+ 25. Kxf2 Nxe4+ 26. Nxe4 Bxe4 27. Nd2 Bg6 28. Nf3 Rd8 29. Re3 c6 30. bxc6 bxc6 31. Ne5 Rd2+ 32. Be2 c5 33. Nxg6 fxg6 34. Re8+ Kh7 35. Kf3 Rc3+ 36. Kf2 Rxc4 37. Ke3 Rcc2 38. Bd3 Ra2 39. Re6 Rxd3+ 40. Kxd3 Rxh2 41. Kc4 Rc2+ 42. Kd3 Rc1 43. Rc6 Rg1 44. Rxc5 Rxg3+ 45. Kd4 0-1

[Event "FIDE WCC Blitz Women 2019"]
[Site "Moscow"]
[Date "2019.12.30"]
[Round "13.22"]
[White "Danielian, Elina"]
[Black "Hejazipour, Mitra"]
[Result "0-1"]
[WhiteElo "2341"]
[BlackElo "2191"]
[Annotator "NA"]
[PlyCount "80"]
[EventDate "2019.12.29"]
[EventType "swiss"]
[EventCountry "RUS"]
[SourceTitle "playchess.com"]
[Source "ChessBase"]
[SourceQuality "1"]

1. Nf3 Nf6 2. c4 e6 3. e3 b6 4. d4 Bb7 5. Bd3 d5 6. O-O Be7 7. Nbd2 O-O 8. b3 c5 9. Bb2 Nc6 10. Rc1 Rc8 11. Qe2 Bd6 12. Ne5 Qe7 13. f4 cxd4 14. exd4 g6 15. Rce1 Bb4 16. Rd1 Rfd8 17. Ndf3 dxc4 18. bxc4 Ba3 19. Ba1 Ne8 20. Kh1 Nd6 21. Qf2 Nb4 22. d5 exd5 23. Ng4 Nxd3 24. Rxd3 Ne8 25. Re1 Qc5 26. Bd4 Qxc4 27. Rxa3 Qb4 28. Rae3 h5 29. Nge5 Nd6 30. Nh4 Ne4 31. Qe2 Qxd4 32. Nef3 Qf6 33. h3 Qxf4 34. Qb2 d4 35. R3e2 d3 36. Re3 d2 37. Nxd2 Rxd2 38. Rxe4 Bxe4 39. Rxe4 Qf1+ 40. Kh2 Rxb2 0-1

[Event "FIDE WCC Blitz Women 2019"]
[Site "Moscow"]
[Date "2019.12.30"]
[Round "13.23"]
[White "Voit, Daria"]
[Black "Styazhkina, Anna"]
[Result "1-0"]
[WhiteElo "2293"]
[BlackElo "2159"]
[Annotator "NA"]
[PlyCount "51"]
[EventDate "2019.12.29"]
[EventType "swiss"]
[EventCountry "RUS"]
[SourceTitle "playchess.com"]
[Source "ChessBase"]
[SourceQuality "1"]

1. d4 d5 2. c4 c6 3. Nf3 Nf6 4. e3 Bf5 5. Nh4 Bd7 6. Nc3 a6 7. Bd3 e6 8. O-O dxc4 9. Bxc4 c5 10. Nf3 Nc6 11. d5 exd5 12. Nxd5 Nxd5 13. Qxd5 Be6 14. Qe4 Qe7 15. b3 Bxc4 16. Qxc4 Ne5 17. Qa4+ b5 18. Qe4 Nxf3+ 19. Qxf3 Rd8 20. Bb2 Qe6 21. Rad1 Be7 22. Rxd8+ Bxd8 23. Bxg7 Rg8 24. Bb2 Rg6 25. Rd1 Bf6 26. Qa8+ 1-0

[Event "FIDE WCC Blitz Women 2019"]
[Site "Moscow"]
[Date "2019.12.30"]
[Round "13.24"]
[White "Gvetadze, Sofio"]
[Black "Maltsevskaya, Aleksandra"]
[Result "1-0"]
[WhiteElo "2202"]
[BlackElo "2280"]
[Annotator "NA"]
[PlyCount "87"]
[EventDate "2019.12.29"]
[EventType "swiss"]
[EventCountry "RUS"]
[SourceTitle "playchess.com"]
[Source "ChessBase"]
[SourceQuality "1"]

1. e4 c5 2. Nf3 e6 3. c4 Nc6 4. Nc3 b6 5. Be2 Bb7 6. O-O Nf6 7. d4 cxd4 8. Nxd4 Bc5 9. Ndb5 O-O 10. Nd6 Ba6 11. a3 Qe7 12. Ndb5 Bxb5 13. cxb5 Nd4 14. e5 Nd5 15. Ne4 f5 16. exf6 Nxf6 17. Nxc5 bxc5 18. Be3 e5 19. Re1 d5 20. Bf1 Qd6 21. b4 cxb4 22. Bxd4 exd4 23. Qxd4 bxa3 24. Re3 Rae8 25. Raxa3 Ne4 26. f3 Nf6 27. Rxa7 Rxe3 28. Qxe3 d4 29. Qg5 g6 30. Qh6 Rf7 31. Bc4 Nd5 32. Bxd5 Qxd5 33. b6 d3 34. Qd2 Qc5+ 35. Kh1 Qxb6 36. Ra8+ Kg7 37. h4 Qb1+ 38. Kh2 Qb5 39. Rd8 Rd7 40. Qc3+ Kf7 41. Rh8 Ke6 42. Re8+ Kf7 43. Qh8 Qh5 44. Qf8# 1-0

[Event "FIDE WCC Blitz Women 2019"]
[Site "Moscow"]
[Date "2019.12.30"]
[Round "13.25"]
[White "Enkhtuul, Altan-Ulzii"]
[Black "Mkrtchian, Lilit"]
[Result "1-0"]
[WhiteElo "2149"]
[BlackElo "2268"]
[Annotator "NA"]
[PlyCount "145"]
[EventDate "2019.12.29"]
[EventType "swiss"]
[EventCountry "RUS"]
[SourceTitle "playchess.com"]
[Source "ChessBase"]
[SourceQuality "1"]

1. d4 e6 2. Nf3 c5 3. g3 cxd4 4. Nxd4 d5 5. Bg2 e5 6. Nb3 Nf6 7. Bg5 Be6 8. Nc3 Nbd7 9. Nxd5 Bxd5 10. Bxd5 Qb6 11. Bg2 Be7 12. O-O O-O 13. c3 a5 14. Qc2 a4 15. Nd2 Nc5 16. Nc4 Qe6 17. Ne3 e4 18. Rfd1 h6 19. Bxf6 Bxf6 20. Nd5 Bd8 21. c4 f5 22. Nf4 Qf6 23. Rd5 Bb6 24. Bh3 g6 25. Rad1 Rfd8 26. b4 axb3 27. axb3 Na6 28. Rxd8+ Rxd8 29. Nd5 Qd6 30. Ne3 Qe5 31. Rxd8+ Bxd8 32. Qd1 Bb6 33. Qd5+ Qxd5 34. Nxd5 Bc5 35. g4 fxg4 36. Bxg4 Kf7 37. Bc8 Nb4 38. Nc3 e3 39. fxe3 Bxe3+ 40. Kg2 b6 41. Kf3 Bd4 42. Ne4 Nc6 43. Nd6+ Ke7 44. Nb5 Bc5 45. h3 Ne5+ 46. Ke4 Nf7 47. Kd5 Kd8 48. Be6 Ng5 49. e4 Nf3 50. Bf7 g5 51. Na7 Kc7 52. Nc6 Nd2 53. b4 Bg1 54. b5 Nb3 55. e5 Bc5 56. e6 Nd2 57. Ne5 Nb1 58. Ng6 Nc3+ 59. Ke5 Bd6+ 60. Kf6 Ne4+ 61. Kg7 h5 62. e7 Bxe7 63. Nxe7 Kd6 64. Nf5+ Ke5 65. Nh6 h4 66. Ng4+ Kd4 67. Kg6 Kc5 68. Be6 Kd4 69. Bd5 Nd6 70. Kxg5 Kc5 71. Kxh4 Nf5+ 72. Kg5 Ne7 73. Nf6 1-0

[Event "FIDE WCC Blitz Women 2019"]
[Site "Moscow"]
[Date "2019.12.30"]
[Round "13.26"]
[White "Garifullina, Leya"]
[Black "Diakonova, Ekaterina"]
[Result "1/2-1/2"]
[WhiteElo "2267"]
[BlackElo "2090"]
[Annotator "NA"]
[PlyCount "94"]
[EventDate "2019.12.29"]
[EventType "swiss"]
[EventCountry "RUS"]
[SourceTitle "playchess.com"]
[Source "ChessBase"]
[SourceQuality "1"]

1. e4 c6 2. d4 d5 3. e5 Bf5 4. h4 h5 5. c4 e6 6. Ne2 Ne7 7. Ng3 Bg6 8. Nc3 Nd7 9. cxd5 Nxd5 10. Nxd5 cxd5 11. Bd2 Be7 12. Be2 Qb6 13. Bc3 Nb8 14. Bxh5 Bxh5 15. Nxh5 g6 16. Nf6+ Bxf6 17. exf6 Nd7 18. Qa4 Qc6 19. Qa3 Nxf6 20. f3 g5 21. O-O-O gxh4 22. Kb1 Qa6 23. Qb3 O-O-O 24. Bd2 e5 25. dxe5 Nd7 26. Bg5 Rdg8 27. f4 Nb6 28. Rh3 Kb8 29. Rc3 Qe2 30. Rdc1 Qxg2 31. Qa3 Qe4+ 32. Ka1 Qa4 33. Qd6+ Ka8 34. Bf6 Nc4 35. Qxd5 Nb6 36. Qxf7 Rf8 37. Qe6 Rhg8 38. Bxh4 Qxf4 39. Be7 Re8 40. Qf6 Nd5 41. Qxf4 Nxf4 42. Bd6 Ne2 43. a3 Nxc1 44. Rxc1 Rg7 45. Ka2 b6 46. Rf1 Kb7 47. Rf6 Rd7 1/2-1/2